000 00320nam a22001337a 4500
008 170815b xxu||||| |||| 00| 0 eng d
020 _a9780070108134
041 _aeng
080 _23RD
_a51
100 _a36
101 _aMAT
245 _aFUNDAMENTAL METHODS OF MATHEMATICAL ECONOMICS
_cCHIANG,A.C
942 _2udc
_cBK
999 _c23567
_d23567